000 01221cam a22002413a 4500
001 3125
003 PGUSA
005 20140828083026.0
008 041011s2004||||xxu|||||s|||||000 e eng d
040 _aPGUSA
_beng
042 _adc
050 4 _aPS
100 1 _aWarner, Charles Dudley,
_d1829-1900
245 1 4 _aThe Complete Essays of Charles Dudley Warner
_h[electronic resource] /
_cCharles Dudley Warner
260 _bProject Gutenberg,
_c2004
505 0 _aAs we were saying -- As we go -- Nine short essays -- Fashions in literature -- The American newspaper -- Certain diversities of American life -- The pilgrim, and the American of today [1892] -- Some causes of the prevailing disconcent -- The education of the negro -- The indeterminate sentence -- Literary copyright -- The relation of literature to life -- "Equality" -- What is your culture to me? -- Modern fiction -- Thoughts suggested by Mr. Froude's "Progress" -- England -- The novel and the common school -- The people for whom Shakespeare wrote.
506 _aPublic domain in the USA.
516 _aElectronic text
653 _aEssays
830 0 _aProject Gutenberg
_v3125
856 4 0 _uhttp://www.gutenberg.org/ebooks/3125
942 _cEB
999 _c232454
_d232454